| 000 | 00939nam a22002177a 4500 | ||
|---|---|---|---|
| 999 |
_c17424 _d17424 |
||
| 003 | AR-CdUCM | ||
| 008 | 190508b ||||| |||| 00| 0 spa d | ||
| 040 |
_aMUNICIPALIDAD PROVINCIAL DEL CUSCO _cBIBLIOTECA MUNICIPAL DEL CUSCO |
||
| 082 |
_22ed. _a869.152 / _bN44 |
||
| 100 |
_aNervo, Amado _935562 |
||
| 245 | _aAntología poética / | ||
| 260 |
_aSantiago de Chile : _bZig Zag, _c1956. |
||
| 300 |
_a237 páginas ; _c17.5 cm. |
||
| 440 |
_aBiblioteca cultura ; _937431 |
||
| 505 | _aContenido: Perlas negras -- Místicas -- Poemas -- Otros poemas -- El éxodo y las flores del camino -- Los jardines interiores -- En voz -- Serenidad -- En voz baja -- Elevación -- La amada inmóvil -- El estanque de los lotos -- El arquero divino -- Mañana del poeta -- La última luna. | ||
| 650 |
_aPoesías mexicanas _91891 |
||
| 650 |
_aSiglo XIX. _9971 |
||
| 700 |
_aRomero, María _927902 |
||
| 942 |
_2ddc _cLIBROS |
||
| 945 |
_aacv _d2019-05-08 |
||